[Event "Titled Tuesday intern op 06th May Early"]
[Site "Chess.com INT"]
[Date "2025.05.06"]
[Round "5"]
[White "Buksa, Nataliya"]
[Black "Ruiz Aguilar, Pablo Alexander"]
[Result "1-0"]
[WhiteElo "2400"]
[BlackElo "2141"]
[PlyCount "51"]
[EventDate "2025.05.06"]
[EventType "swiss (blitz)"]
[EventRounds "11"]
[EventCountry "USA"]
[SourceTitle "CB20_2025"]
[SourceDate "2025.05.14"]
[SourceVersion "1"]
[SourceVersionDate "2025.05.14"]
[SourceQuality "1"]

1. d4 d5 2. Nc3 c6 3. Bf4 Bf5 4. e3 e6 5. Nf3 Nf6 6. Ne5 Nbd7 7. g4 Nxe5 8. gxf5 Nc4 9. Bxc4 dxc4 10. fxe6 fxe6 11. Qe2 b5 12. a3 Nd5 13. Qh5+ g6 14. Qe5 Qf6 15. Nxd5 Qxe5 16. Bxe5 cxd5 17. Bxh8 0-0-0 18. Be5 Kb7 19. h4 a5 20. Ke2 Be7 21. h5 g5 22. h6 Rf8 23. f4 gxf4 24. Bxf4 b4 25. axb4 axb4 26. Rhg1 1-0

[Event "Titled Tuesday intern op 06th May Early"]
[Site "Chess.com INT"]
[Date "2025.05.06"]
[Round "3"]
[White "Buksa, Nataliya"]
[Black "Weetik, Vjacheslav"]
[Result "0-1"]
[WhiteElo "2400"]
[BlackElo "2423"]
[PlyCount "96"]
[EventDate "2025.05.06"]
[EventType "swiss (blitz)"]
[EventRounds "11"]
[EventCountry "USA"]
[SourceTitle "CB20_2025"]
[SourceDate "2025.05.14"]
[SourceVersion "1"]
[SourceVersionDate "2025.05.14"]
[SourceQuality "1"]

1. d4 d5 2. Nf3 Nf6 3. e3 g6 4. b3 c5 5. Bb2 cxd4 6. exd4 Bg7 7. Nbd2 Nc6 8. Bd3 0-0 9. a3 Bf5 10. Qe2 Qc7 11. 0-0 e6 12. Rac1 Rac8 13. h3 Qb6 14. Qe3 Rfe8 15. Rfe1 a5 16. Ba1 a4 17. bxa4 Bxd3 18. Qxd3 Qa7 19. Qb5 Rc7 20. c4 Ra8 21. Ne5 Qxa4 22. Nxc6 Rxc6 23. Qxb7 dxc4 24. Nf3 Nd5 25. Ne5 Rc7 26. Qb1 c3 27. Qe4 Qxa3 28. h4 h5 29. Nf3 Bf6 30. g3 Kg7 31. Kg2 Rac8 32. Qd3 Qa2 33. Re2 Qc4 34. Qe4 Qc6 35. Kg1 Qa8 36. Ree1 Ra7 37. Ne5 Ra2 38. Nxf7 Kxf7 39. Qxe6+ Kg7 40. Qd7+ Kh6 41. Re6 Rxa1 42. Kg2 Rxc1 43. g4 Nf4+ 44. Kg3 Qg2+ 45. Kxf4 Qxg4+ 46. Ke3 Re1+ 47. Kd3 Qxe6 48. Qxe6 Rxe6 0-1

[Event "Titled Tuesday intern op 06th May Early"]
[Site "Chess.com INT"]
[Date "2025.05.06"]
[Round "9"]
[White "Buksa, Nataliya"]
[Black "Zepeda Berlanga, Jan Enrique"]
[Result "1-0"]
[WhiteElo "2400"]
[BlackElo "1941"]
[PlyCount "61"]
[EventDate "2025.05.06"]
[EventType "swiss (blitz)"]
[EventRounds "11"]
[EventCountry "USA"]
[SourceTitle "CB20_2025"]
[SourceDate "2025.05.14"]
[SourceVersion "1"]
[SourceVersionDate "2025.05.14"]
[SourceQuality "1"]

1. d4 Nf6 2. Nf3 g6 3. Nc3 Bg7 4. e4 d6 5. h3 0-0 6. Be3 Nbd7 7. Qd2 e5 8. 0-0-0 exd4 9. Nxd4 Re8 10. f3 a5 11. Ndb5 Ne5 12. Be2 Be6 13. Bh6 Bxh6 14. Qxh6 a4 15. a3 Nh5 16. Rhe1 Bc4 17. Bxc4 Nxc4 18. Rd4 Nb6 19. g4 Ng7 20. h4 Qf6 21. Rd3 Rac8 22. h5 Nc4 23. hxg6 Qxg6 24. Qh4 Ne6 25. Nd5 Kg7 26. f4 Nc5 27. f5 Qh6+ 28. Qxh6+ Kxh6 29. Rh3+ Kg7 30. Reh1 c6 31. Rxh7+ 1-0

[Event "Titled Tuesday intern op 01st Apr Early"]
[Site "Chess.com INT"]
[Date "2025.04.01"]
[Round "6"]
[White "Buksa, Nataliya"]
[Black "Arca, Christian Gian Karl"]
[Result "1-0"]
[WhiteElo "2400"]
[BlackElo "2263"]
[PlyCount "85"]
[EventDate "2025.04.01"]
[EventType "swiss (blitz)"]
[EventRounds "11"]
[EventCountry "USA"]
[SourceTitle "CB15_2025"]
[SourceDate "2025.04.09"]
[SourceVersion "1"]
[SourceVersionDate "2025.04.09"]
[SourceQuality "1"]

1. d4 Nf6 2. Nc3 c5 3. e3 d5 4. Nf3 cxd4 5. exd4 Nc6 6. Bf4 Bg4 7. Bb5 e6 8. h3 Bxf3 9. Qxf3 Be7 10. 0-0-0 0-0 11. Kb1 a6 12. Bxc6 bxc6 13. Na4 Rc8 14. Qe3 Nd7 15. c4 dxc4 16. Rc1 Nf6 17. Rxc4 Qd5 18. Rhc1 Qxg2 19. Be5 Rfd8 20. Qg3 Qxg3 21. fxg3 Ne4 22. Rxc6 Rxc6 23. Rxc6 f6 24. Bf4 Rxd4 25. Rxa6 e5 26. Bc1 Nxg3 27. Nb6 Ne2 28. Be3 Rd3 29. Nc4 f5 30. Re6 Bf6 31. Nxe5 Bxe5 32. Rxe5 f4 33. Bc5 Ng3 34. a4 Kf7 35. a5 Kf6 36. Re8 Kf7 37. Rf8+ Ke6 38. Rxf4 Rd5 39. b4 Kd7 40. a6 Kc6 41. Rf8 Rf5 42. Rc8+ Kd7 43. a7 1-0

[Event "Titled Tuesday intern op 01st Apr Early"]
[Site "Chess.com INT"]
[Date "2025.04.01"]
[Round "3"]
[White "Ochedzan, Filip"]
[Black "Buksa, Nataliya"]
[Result "0-1"]
[WhiteElo "2218"]
[BlackElo "2400"]
[PlyCount "121"]
[EventDate "2025.04.01"]
[EventType "swiss (blitz)"]
[EventRounds "11"]
[EventCountry "USA"]
[SourceTitle "CB15_2025"]
[SourceDate "2025.04.09"]
[SourceVersion "1"]
[SourceVersionDate "2025.04.09"]
[SourceQuality "1"]

1. c4 e6 2. Nc3 d5 3. d4 Nf6 4. Nf3 Be7 5. Bg5 0-0 6. e3 h6 7. Bh4 Ne4 8. Bxe7 Qxe7 9. Bd3 Nxc3 10. bxc3 b6 11. cxd5 exd5 12. 0-0 Bb7 13. Qc2 Nd7 14. Rfe1 Rfe8 15. Rac1 c5 16. Qb2 Rab8 17. h3 Qd6 18. Bb5 Bc6 19. Bxc6 Qxc6 20. c4 Rbc8 21. Red1 dxc4 22. Rxc4 b5 23. Rcc1 c4 24. Qb4 Qd5 25. Nd2 Nf6 26. Re1 a6 27. Qc3 Rc6 28. f3 Qd6 29. e4 b4 30. Qe3 c3 31. Nb3 Nd5 32. Qf2 Nf4 33. Qe3 Nxh3+ 34. gxh3 Qg3+ 35. Kf1 Rg6 36. Ke2 Qh2+ 37. Kd3 Qxh3 38. d5 Qd7 39. Qd4 Qb5+ 40. Qc4 Qb8 41. Rg1 Qf4 42. Rxg6 Qxf3+ 43. Kd4 Rxe4+ 44. Kc5 Rxc4+ 45. Kxc4 fxg6 46. Kxb4 Qf4+ 47. Kxc3 h5 48. Rd1 Qd6 49. Na5 h4 50. Nc4 Qf6+ 51. Kb4 Kf8 52. d6 Ke8 53. d7+ Kd8 54. Kc5 h3 55. Na5 Qc3+ 56. Kb6 Qb4+ 57. Kxa6 Qa4 58. Kb6 Qxd1 59. Nc6+ Kxd7 60. Ne5+ Ke6 61. Nxg6 0-1

[Event "Titled Tuesday intern op 25th Mar Early"]
[Site "Chess.com INT"]
[Date "2025.03.25"]
[Round "2"]
[White "Buksa, Nataliya"]
[Black "Strybuk, Artsiom I"]
[Result "0-1"]
[WhiteElo "2400"]
[BlackElo "2422"]
[PlyCount "72"]
[EventDate "2025.03.25"]
[EventType "swiss (blitz)"]
[EventRounds "11"]
[EventCountry "USA"]
[SourceTitle "CB14_2025"]
[SourceDate "2024.11.01"]
[SourceVersion "1"]
[SourceVersionDate "2024.11.01"]
[SourceQuality "1"]

1. d4 Nf6 2. Nc3 g6 3. e4 d5 4. e5 Ne4 5. Nxe4 dxe4 6. Be3 Bg7 7. Bc4 c5 8. Ne2 0-0 9. dxc5 Bxe5 10. c3 Nc6 11. 0-0 Qc7 12. h4 Bg4 13. Qe1 Rad8 14. a4 Kh8 15. Rd1 f5 16. Rxd8 Rxd8 17. g3 Bf6 18. Nf4 Ne5 19. Be2 Bxe2 20. Qxe2 Qd7 21. a5 Nf3+ 22. Kg2 e5 23. Nh3 f4 24. Bxf4 exf4 25. Qxe4 Nd2 26. Qxf4 Qc6+ 27. Kg1 Nxf1 28. Ng5 Bxg5 29. hxg5 Nd2 30. b4 Nf3+ 31. Kg2 Nxg5+ 32. Kh2 Nf3+ 33. Kh3 Qe6+ 34. Kg2 Ne1+ 35. Kg1 Nd3 36. a6 Nxf4 0-1

[Event "Titled Tuesday intern op 25th Mar Early"]
[Site "Chess.com INT"]
[Date "2025.03.25"]
[Round "10"]
[White "Buksa, Nataliya"]
[Black "Suvradeepta, Das"]
[Result "1-0"]
[WhiteElo "2400"]
[BlackElo "2324"]
[PlyCount "71"]
[EventDate "2025.03.25"]
[EventType "swiss (blitz)"]
[EventRounds "11"]
[EventCountry "USA"]
[SourceTitle "CB14_2025"]
[SourceDate "2024.11.01"]
[SourceVersion "1"]
[SourceVersionDate "2024.11.01"]
[SourceQuality "1"]

1. d4 Nf6 2. Nc3 g6 3. Bf4 d5 4. e3 Bg7 5. h4 h5 6. Nf3 c6 7. Ne5 Nbd7 8. f3 Nf8 9. Qd2 N6d7 10. Nxd7 Bxd7 11. 0-0-0 Qa5 12. Kb1 Ne6 13. Bh2 b5 14. a3 Qb6 15. Ne2 a5 16. Nf4 Nxf4 17. Bxf4 Bf5 18. Bd3 Bxd3 19. Qxd3 e6 20. g4 0-0-0 21. Rhg1 Kb7 22. b3 Ra8 23. Kb2 a4 24. b4 Rh7 25. gxh5 Rxh5 26. Rxg6 fxg6 27. Qxg6 Bxd4+ 28. exd4 Rf5 29. Be5 Rxf3 30. Qxe6 Raf8 31. Rg1 R8f7 32. Rg8 Ka7 33. h5 Rf2 34. h6 Qb7 35. Rg7 Qd7 36. Qxd7+ 1-0

[Event "Titled Tuesday intern op 25th Mar Early"]
[Site "Chess.com INT"]
[Date "2025.03.25"]
[Round "11"]
[White "Korchynskyi, Mykola"]
[Black "Buksa, Nataliya"]
[Result "1-0"]
[WhiteElo "2284"]
[BlackElo "2400"]
[PlyCount "55"]
[EventDate "2025.03.25"]
[EventType "swiss (blitz)"]
[EventRounds "11"]
[EventCountry "USA"]
[SourceTitle "CB14_2025"]
[SourceDate "2024.11.01"]
[SourceVersion "1"]
[SourceVersionDate "2024.11.01"]
[SourceQuality "1"]

1. d4 d5 2. Nf3 e6 3. Bf4 Nf6 4. e3 c5 5. c3 Nc6 6. Bd3 cxd4 7. exd4 Nh5 8. Be5 Bd6 9. 0-0 Nf4 10. Bxf4 Bxf4 11. Nbd2 Bd7 12. Re1 Qf6 13. Nf1 h5 14. Qb3 0-0-0 15. Bb5 h4 16. h3 g5 17. N1h2 Bxh2+ 18. Nxh2 g4 19. Nxg4 Qg5 20. f4 Qxf4 21. Rf1 Qd6 22. Bxc6 Bxc6 23. Rxf7 Rhg8 24. Qc2 Rxg4 25. hxg4 Qg3 26. Qf2 Qxg4 27. Qf4 Qg6 28. Qc7# 1-0

[Event "Titled Tuesday intern op 25th Mar Early"]
[Site "Chess.com INT"]
[Date "2025.03.25"]
[Round "1"]
[White "Osmonbekov, Talaibek D"]
[Black "Buksa, Nataliya"]
[Result "0-1"]
[WhiteElo "2129"]
[BlackElo "2400"]
[PlyCount "98"]
[EventDate "2025.03.25"]
[EventType "swiss (blitz)"]
[EventRounds "11"]
[EventCountry "USA"]
[SourceTitle "CB14_2025"]
[SourceDate "2024.11.01"]
[SourceVersion "1"]
[SourceVersionDate "2024.11.01"]
[SourceQuality "1"]

1. d4 d5 2. Bf4 Nf6 3. Nc3 e6 4. e3 a6 5. Nf3 Bd6 6. Bd3 b6 7. 0-0 Bb7 8. Ne5 Nbd7 9. Bg3 Ne4 10. Nxe4 dxe4 11. Bc4 Nxe5 12. dxe5 Be7 13. Qg4 0-0 14. Rad1 Qe8 15. c3 Rd8 16. Qe2 Qa4 17. Bb3 Qa5 18. Rxd8 Rxd8 19. Rd1 Rxd1+ 20. Qxd1 Bc6 21. h4 h6 22. h5 Kf8 23. Kh2 Qb5 24. Kg1 a5 25. a4 Qc5 26. Qd4 Ke8 27. Kf1 Bb7 28. Qxc5 Bxc5 29. Ke2 Ba6+ 30. Kd2 Bf1 31. Bd1 Bxg2 32. Be2 Kd7 33. c4 Bb4+ 34. Kc2 g6 35. b3 Be7 36. Kd1 Kc6 37. Bf4 g5 38. Bg3 Kc5 39. Kc2 Kb4 40. Kb2 Bf3 41. Bxf3 exf3 42. Bh2 c6 43. Bg3 Bd8 44. Bh2 Bc7 45. Bg3 Bb8 46. Kc2 f6 47. Kb2 Bxe5+ 48. Bxe5 fxe5 49. e4 g4 0-1

[Event "Titled Tuesday intern op 25th Mar Early"]
[Site "Chess.com INT"]
[Date "2025.03.25"]
[Round "5"]
[White "Zieba, Hubert"]
[Black "Buksa, Nataliya"]
[Result "1-0"]
[WhiteElo "2232"]
[BlackElo "2400"]
[PlyCount "65"]
[EventDate "2025.03.25"]
[EventType "swiss (blitz)"]
[EventRounds "11"]
[EventCountry "USA"]
[SourceTitle "CB14_2025"]
[SourceDate "2024.11.01"]
[SourceVersion "1"]
[SourceVersionDate "2024.11.01"]
[SourceQuality "1"]

1. d4 d5 2. c4 e6 3. Nf3 Nf6 4. g3 Be7 5. Bg2 0-0 6. 0-0 dxc4 7. Qc2 c6 8. Qxc4 b5 9. Qb3 Bb7 10. Be3 Nbd7 11. Rc1 a5 12. a4 bxa4 13. Qxb7 Nd5 14. Qxc6 N7b6 15. Nc3 Nxe3 16. fxe3 Rc8 17. Qb5 Nc4 18. Nxa4 Nxe3 19. Qd3 Nd5 20. Nc3 Nb4 21. Qd2 Qb6 22. Kh1 Rfd8 23. e3 h5 24. Ne4 Rb8 25. Ne5 h4 26. Qf2 f5 27. Nc5 Qb5 28. Nxe6 Rdc8 29. Qxf5 Bf6 30. Rxc8+ Rxc8 31. Ng5 Re8 32. Qh7+ Kf8 33. Ng6# 1-0

[Event "Titled Tuesday intern op 11th Mar Early"]
[Site "Chess.com INT"]
[Date "2025.03.11"]
[Round "5"]
[White "Buksa, Nataliya"]
[Black "Anton Guijarro, David"]
[Result "0-1"]
[WhiteElo "2400"]
[BlackElo "2663"]
[PlyCount "52"]
[EventDate "2025.03.11"]
[EventType "swiss (blitz)"]
[EventRounds "11"]
[EventCountry "USA"]
[SourceTitle "CB12_2025"]
[SourceDate "2025.03.19"]
[SourceVersion "1"]
[SourceVersionDate "2025.03.19"]
[SourceQuality "1"]

1. d4 d5 2. Nc3 e6 3. Bf4 Bb4 4. a3 Bxc3+ 5. bxc3 Nf6 6. Qd3 0-0 7. Nf3 c5 8. dxc5 Ne4 9. e3 Na6 10. Qd4 Naxc5 11. Be2 f6 12. Bg3 e5 13. Qb4 a5 14. Qb2 Na4 15. Qb3 Nexc3 16. Bd1 Ra6 17. 0-0 Rb6 18. Nd2 Rxb3 19. cxb3 Nxd1 20. Rfxd1 Nc3 21. Re1 Bf5 22. Rac1 d4 23. exd4 exd4 24. b4 axb4 25. axb4 Re8 26. Nf3 Ne2+ 0-1

[Event "Titled Tuesday intern op 04th Mar Early"]
[Site "Chess.com INT"]
[Date "2025.03.04"]
[Round "1"]
[White "Buksa, Nataliya"]
[Black "Tarnowska, Aleksandra"]
[Result "1-0"]
[WhiteElo "2400"]
[BlackElo "1882"]
[PlyCount "61"]
[EventDate "2025.03.04"]
[EventType "swiss (blitz)"]
[EventRounds "11"]
[EventCountry "USA"]
[SourceTitle "CB11_2025"]
[SourceDate "2025.03.12"]
[SourceVersion "1"]
[SourceVersionDate "2025.03.12"]
[SourceQuality "1"]

1. d4 d5 2. Nc3 Nf6 3. Bf4 e6 4. Nb5 Na6 5. e3 c6 6. Nc3 Nc7 7. Nf3 Bd6 8. Bd3 0-0 9. h4 Bxf4 10. exf4 Qd6 11. Ne5 Nd7 12. Qf3 c5 13. dxc5 Nxc5 14. 0-0-0 Nxd3+ 15. Rxd3 a6 16. h5 Nb5 17. h6 g6 18. Kb1 Qb4 19. Nxb5 axb5 20. Rb3 Qd6 21. a3 Bd7 22. Rd1 Ra4 23. Qe3 b4 24. Rxb4 Rxb4 25. axb4 Ba4 26. Qd4 f6 27. Nd3 Rc8 28. b3 Bb5 29. Qxf6 Rc7 30. Nc5 Bd7 31. Qg7# 1-0

[Event "Titled Tuesday intern op 04th Mar Early"]
[Site "Chess.com INT"]
[Date "2025.03.04"]
[Round "9"]
[White "Buksa, Nataliya"]
[Black "Tretiakov, Aleander"]
[Result "1-0"]
[WhiteElo "2400"]
[BlackElo "2023"]
[PlyCount "59"]
[EventDate "2025.03.04"]
[EventType "swiss (blitz)"]
[EventRounds "11"]
[EventCountry "USA"]
[SourceTitle "CB11_2025"]
[SourceDate "2025.03.12"]
[SourceVersion "1"]
[SourceVersionDate "2025.03.12"]
[SourceQuality "1"]

1. d4 Nf6 2. Nc3 d5 3. Bf4 e6 4. Nb5 Na6 5. e3 c5 6. Nc3 Nc7 7. Nf3 Bd7 8. Ne5 Bc6 9. g4 Be7 10. a4 Nd7 11. Bd3 f6 12. Nxc6 bxc6 13. h4 e5 14. dxe5 fxe5 15. Bg3 e4 16. Be2 0-0 17. g5 Ne6 18. Nxd5 cxd5 19. Qxd5 Qa5+ 20. c3 Qb6 21. Qxd7 Rad8 22. Qxe7 Rfe8 23. Qxe8+ Rxe8 24. 0-0-0 Qb3 25. Bb5 Rf8 26. Rd7 c4 27. Rhd1 Nc5 28. R7d4 Nd3+ 29. R1xd3 exd3 30. Bxc4+ 1-0

[Event "Titled Tuesday intern op 04th Mar Early"]
[Site "Chess.com INT"]
[Date "2025.03.04"]
[Round "3"]
[White "Harsh, Suresh"]
[Black "Buksa, Nataliya"]
[Result "1-0"]
[WhiteElo "2389"]
[BlackElo "2400"]
[PlyCount "149"]
[EventDate "2025.03.04"]
[EventType "swiss (blitz)"]
[EventRounds "11"]
[EventCountry "USA"]
[SourceTitle "CB11_2025"]
[SourceDate "2025.03.12"]
[SourceVersion "1"]
[SourceVersionDate "2025.03.12"]
[SourceQuality "1"]

1. e4 c5 2. Nc3 Nc6 3. Bb5 Nd4 4. Bc4 e6 5. Nf3 a6 6. Nxd4 cxd4 7. Ne2 b5 8. Bb3 Bb7 9. d3 d5 10. Nxd4 dxe4 11. dxe4 Bxe4 12. 0-0 Nf6 13. c3 Be7 14. Re1 Bd5 15. Bg5 0-0 16. Bc2 Nd7 17. Bxe7 Qxe7 18. Bxh7+ Kxh7 19. Qh5+ Kg8 20. Qxd5 Nf6 21. Qg5 Rfe8 22. Re3 Nd5 23. Qxe7 Rxe7 24. Ree1 Rc7 25. a3 Rb8 26. Nc2 a5 27. Re4 b4 28. axb4 axb4 29. c4 b3 30. Ne3 Nb4 31. Rd1 Nc2 32. g3 Ra7 33. Rd3 Ra1+ 34. Rd1 Ra2 35. Rb1 Rc8 36. Kg2 Nb4 37. Nd1 Nd3 38. Rd4 Nc5 39. Nc3 Ra6 40. Rbd1 Kh7 41. Rd8 Rxd8 42. Rxd8 Ra1 43. Rc8 Nd3 44. Rb8 Nxb2 45. Rxb3 Nxc4 46. Rb7 Kg6 47. Ne4 Re1 48. Nc5 Re5 49. Nd7 Rd5 50. h4 Ne5 51. Nf8+ Kf6 52. Nh7+ Kg6 53. Ng5 Rd7 54. Rb5 Nc6 55. Nf3 Kf6 56. Rb6 Nd4 57. Ng5 Nf5 58. Kh3 Ke7 59. g4 Nd4 60. Rb8 Ne2 61. Kg2 Nf4+ 62. Kf3 Ng6 63. h5 Ne5+ 64. Kg3 Nc6 65. Rg8 Rd3+ 66. f3 Ne5 67. Rxg7 Kf6 68. h6 Ng6 69. Ne4+ Ke5 70. h7 Rd8 71. Rg8 Rd3 72. Rxg6 fxg6 73. h8Q+ Kd5 74. Qd8+ Kc4 75. Qc7+ 1-0

[Event "Titled Tuesday intern op 25th Feb Early"]
[Site "Chess.com INT"]
[Date "2025.02.25"]
[Round "2"]
[White "Buksa, Nataliya"]
[Black "Durarbayli, Vasif"]
[Result "0-1"]
[WhiteElo "2400"]
[BlackElo "2614"]
[PlyCount "118"]
[EventDate "2025.02.25"]
[EventType "swiss (blitz)"]
[EventRounds "11"]
[EventCountry "USA"]
[SourceTitle "CB10_2025"]
[SourceDate "2025.03.05"]
[SourceVersion "1"]
[SourceVersionDate "2025.03.05"]
[SourceQuality "1"]

1. d4 Nf6 2. Nc3 d5 3. Bf4 c5 4. e3 cxd4 5. exd4 a6 6. Nf3 Bg4 7. Be2 Bxf3 8. Bxf3 e6 9. 0-0 Nc6 10. Ne2 Bd6 11. c3 0-0 12. a4 Qc7 13. Bg3 b5 14. Rc1 Rfb8 15. axb5 axb5 16. b3 Na5 17. Re1 h6 18. Ra1 Rc8 19. Qb1 Ne8 20. Rc1 Bxg3 21. hxg3 Nd6 22. Ra2 Nc6 23. Qa1 Rxa2 24. Qxa2 Qa5 25. Ra1 Qxa2 26. Rxa2 b4 27. cxb4 Nxb4 28. Ra7 Nc6 29. Ra1 Nf5 30. Rc1 Nfe7 31. Kf1 Rb8 32. Rc3 Rb4 33. g4 g5 34. Ke1 Nxd4 35. Nxd4 Rxd4 36. Ke2 Rb4 37. Kd2 Ng6 38. Rc8+ Kg7 39. Kc3 Rb7 40. b4 Ne5 41. Be2 Ra7 42. Kb3 Nd7 43. b5 Kf6 44. Rh8 Kg7 45. Rd8 Kf6 46. Rh8 Ke7 47. Rxh6 Kd6 48. Rh7 Nc5+ 49. Kb4 Ra4+ 50. Kc3 d4+ 51. Kd2 Ra2+ 52. Kd1 d3 53. Bxd3 Nxd3 54. Rxf7 Nxf2+ 55. Kc1 Nd3+ 56. Kb1 Rb2+ 57. Ka1 Rxb5 58. Rg7 Nf2 59. Rf7 Nxg4 0-1

[Event "Titled Tuesday intern op 25th Feb Early"]
[Site "Chess.com INT"]
[Date "2025.02.25"]
[Round "4"]
[White "Buksa, Nataliya"]
[Black "Rushbrooke, Remy"]
[Result "1-0"]
[WhiteElo "2400"]
[BlackElo "2094"]
[PlyCount "101"]
[EventDate "2025.02.25"]
[EventType "swiss (blitz)"]
[EventRounds "11"]
[EventCountry "USA"]
[SourceTitle "CB10_2025"]
[SourceDate "2025.03.05"]
[SourceVersion "1"]
[SourceVersionDate "2025.03.05"]
[SourceQuality "1"]

1. d4 g6 2. Nc3 Bg7 3. e4 d6 4. f4 Nc6 5. Nf3 Bg4 6. Be3 e5 7. d5 exf4 8. Bxf4 Ne5 9. Be2 Bxf3 10. gxf3 h5 11. Qd2 Bh6 12. Bxh6 Qh4+ 13. Kd1 Nxh6 14. Nb5 Kd7 15. Qc3 Rhc8 16. Kd2 Qf4+ 17. Qe3 Qxe3+ 18. Kxe3 f5 19. Nd4 Rf8 20. h3 f4+ 21. Kd2 c5 22. Ne6 Rf6 23. h4 Rxe6 24. dxe6+ Kxe6 25. Rhg1 Rd8 26. Rae1 a6 27. a4 Kf6 28. c3 d5 29. exd5 Rxd5+ 30. Kc2 Nf5 31. Rh1 c4 32. Kc1 Ne3 33. Rhg1 b5 34. Rg5 bxa4 35. Bf1 Nxf3 36. Rxe3 Nxg5 37. hxg5+ Rxg5 38. Re4 Kf5 39. Re1 Rg3 40. Bxc4 g5 41. Bxa6 f3 42. c4 f2 43. Rf1 Rg1 44. c5 Ke5 45. Kd2 Rxf1 46. Bxf1 g4 47. Ke3 g3 48. Kf3 h4 49. Kg2 Kd5 50. Bb5 Kxc5 51. Bxa4 1-0

[Event "Titled Tuesday intern op 25th Feb Early"]
[Site "Chess.com INT"]
[Date "2025.02.25"]
[Round "8"]
[White "Buksa, Nataliya"]
[Black "Tabernilla, Tyrhhone James"]
[Result "1/2-1/2"]
[WhiteElo "2400"]
[BlackElo "2000"]
[PlyCount "180"]
[EventDate "2025.02.25"]
[EventType "swiss (blitz)"]
[EventRounds "11"]
[EventCountry "USA"]
[SourceTitle "CB10_2025"]
[SourceDate "2025.03.05"]
[SourceVersion "1"]
[SourceVersionDate "2025.03.05"]
[SourceQuality "1"]

1. d4 Nf6 2. Nf3 g6 3. b3 Bg7 4. Bb2 0-0 5. Nbd2 d5 6. e3 c5 7. Bd3 Nc6 8. a3 b6 9. 0-0 Bb7 10. Qe2 Rc8 11. Rfe1 Nd7 12. Rab1 e5 13. dxe5 Ndxe5 14. Ba6 Qc7 15. Bxb7 Qxb7 16. c4 dxc4 17. Nxc4 Nxc4 18. Bxg7 Kxg7 19. Qxc4 Qe7 20. Red1 Rfd8 21. h3 Qf6 22. Rxd8 Rxd8 23. b4 cxb4 24. axb4 Ne5 25. Nxe5 Qxe5 26. Qc2 Rd7 27. b5 Rc7 28. Qd3 Rc3 29. Qd2 Qc5 30. Qb2 Kg8 31. Rd1 Qc7 32. h4 h5 33. g3 Qe5 34. Rd4 Qc5 35. Rd8+ Kh7 36. Kg2 Qc7 37. Rd4 Rc2 38. Qb3 Qb7+ 39. e4 Qc7 40. Qf3 Kg7 41. Qd3 Rc3 42. Qd2 Rc2 43. Qg5 Qc5 44. Qxc5 Rxc5 45. Rb4 Kf6 46. Kf3 Ke5 47. Ke3 Rc3+ 48. Kd2 Rf3 49. Ke2 Rc3 50. Kd2 Rf3 51. Ke1 Ra3 52. Ke2 Kd6 53. Rc4 Rb3 54. Rc6+ Ke7 55. Rc7+ Kf8 56. Rxa7 Rxb5 57. Ke3 Rb3+ 58. Kf4 Kg7 59. e5 Rb4+ 60. Ke3 Kf8 61. f4 Rb3+ 62. Ke4 b5 63. Rb7 b4 64. e6 fxe6 65. Ke5 Rxg3 66. Kf6 Ke8 67. Kxe6 Kd8 68. Rxb4 Rg4 69. Kf6 Ke8 70. Re4+ Kf8 71. Ra4 Ke8 72. Ra8+ Kd7 73. Ra7+ Ke8 74. Ke5 Rxh4 75. Ke6 Kf8 76. Rf7+ Kg8 77. Rf6 Rg4 78. f5 gxf5 79. Kxf5 Rg1 80. Rh6 Rf1+ 81. Kg5 Kg7 82. Rg6+ Kf7 83. Ra6 Rg1+ 84. Kxh5 Rh1+ 85. Kg5 Rg1+ 86. Kh5 Rf1 87. Kg5 Kf8 88. Kh5 Kf7 89. Kg5 Kf8 90. Kh5 Kf7 1/2-1/2

[Event "Titled Tuesday intern op 25th Feb Early"]
[Site "Chess.com INT"]
[Date "2025.02.25"]
[Round "5"]
[White "Tavernier, Loris"]
[Black "Buksa, Nataliya"]
[Result "1-0"]
[WhiteElo "2082"]
[BlackElo "2400"]
[PlyCount "109"]
[EventDate "2025.02.25"]
[EventType "swiss (blitz)"]
[EventRounds "11"]
[EventCountry "USA"]
[SourceTitle "CB10_2025"]
[SourceDate "2025.03.05"]
[SourceVersion "1"]
[SourceVersionDate "2025.03.05"]
[SourceQuality "1"]

1. Nf3 d5 2. g3 Nf6 3. Bg2 e6 4. 0-0 Be7 5. d3 0-0 6. Nbd2 c5 7. e4 Nc6 8. e5 Nd7 9. Re1 b5 10. h4 Ba6 11. h5 h6 12. Nf1 Qc7 13. Bf4 Rfc8 14. g4 Qd8 15. Ng3 b4 16. Qd2 Rab8 17. b3 Nd4 18. a3 Nxf3+ 19. Bxf3 Rb6 20. axb4 cxb4 21. Ne2 Bc5 22. Bg2 Qh4 23. d4 Bf8 24. Bf3 Rbc6 25. Rec1 Qh3 26. Ng3 Bb5 27. Rxa7 Rc3 28. Be2 Bxe2 29. Qxe2 Nb8 30. Be3 Nc6 31. Rd7 Ra8 32. Qf3 Nxd4 33. Qxf7+ Kh8 34. Bxd4 Rxg3+ 35. fxg3 Qxg3+ 36. Kf1 Qh3+ 37. Ke1 Qxg4 38. Qf2 Qxh5 39. Rf7 Qh1+ 40. Kd2 Qe4 41. Rxf8+ Rxf8 42. Qxf8+ Kh7 43. Qf2 Qg4 44. Qe3 Qg2+ 45. Qe2 Qg5+ 46. Be3 Qxe5 47. Qd3+ Kh8 48. Rf1 Qh2+ 49. Rf2 Qb8 50. Bf4 Qc8 51. Be5 Qd8 52. Qg6 Qe7 53. Rf7 Qg5+ 54. Qxg5 hxg5 55. Rxg7 1-0

[Event "Titled Tuesday intern op 28th Jan Early"]
[Site "Chess.com INT"]
[Date "2025.01.28"]
[Round "1"]
[White "Buksa, Nataliya"]
[Black "Dzhaparov, Medet"]
[Result "1-0"]
[WhiteElo "2400"]
[BlackElo "1678"]
[PlyCount "35"]
[EventDate "2025.01.28"]
[EventType "swiss (blitz)"]
[EventRounds "11"]
[EventCountry "USA"]
[SourceTitle "CB06_2025"]
[SourceDate "2025.02.05"]
[SourceVersion "1"]
[SourceVersionDate "2025.02.05"]
[SourceQuality "1"]

1. d4 Nf6 2. Nc3 d5 3. Bf4 g6 4. e3 Bg7 5. h4 0-0 6. h5 gxh5 7. Rxh5 Bg4 8. Be2 Bxe2 9. Qxe2 Nxh5 10. Qxh5 e6 11. Nf3 Bf6 12. 0-0-0 Re8 13. Rh1 Kf8 14. Bg5 Bxg5 15. Nxg5 Qd7 16. Nxh7+ Ke7 17. Nf6 Kxf6 18. Qh4+ 1-0